| 000 | 00540nam a22001817a 4500 | ||
|---|---|---|---|
| 005 | 20251108165852.0 | ||
| 008 | 250721s1981 xx 000 0 ara d | ||
| 082 | 1 | 4 | _aط/910.4/روا |
| 245 | 1 | 0 | _aالرواد / |
| 264 | 1 |
_aبيروت : _bمكدونلد الشرق الأوسط، _c1981. |
|
| 300 | _a24ص : مص | ||
| 490 | 0 | _aالعالم بين يديك : في العهود القديمة | |
| 650 | 1 | 7 | _aالرحلات و السفر |
| 650 | 1 | 7 | _aالأسفار |
| 650 | 1 | 7 | _aالرحالة |
| 942 |
_2ddc _cBK |
||
| 999 |
_c33444 _d33444 |
||